00410nam a2200181Ia 4500008004000000020001500040041000800055082001500063100001800078245003300096260004000129300000800169440000600177650000700183650001300190650000700203650001800210210210b2007 xxu||||| |||| 00| 0 eng d a8131800547 aeng a620.8 KHAT aKHAN (Rahana) aTextbook of biotechnology V2 aBangalorebLaxmi publicationsc2007 a335 a2 aV2 aTextbook aof abiotechnology